00840nam a2200205 i 4500001000700000003000900007005001700016007000300033008004100036100002500077245020100102260003700303300003000340650003300370700002300403700003400426852003300460999001900493952012200512118460ES-MaACL20230906191113.0t|070214s1978 sp r ||||1| spa d1 aPesson, Paul.99145210aEcología forestal b: el bosque : clima, suelo, árboles, fauna /cobra colectiva presentada por Paul Pesson ; con la participación de J. Pardé [et. al.] ; versión de Helios Sainz Ollero. aMadrid : bMundi-Prensa, c1978. a393 p. : bil. ; c24 cm. 4aEcología forestal.91645821 aPardé, J.9889421 aSainz Ollero, Helios.9101605 aES-MaACLjC-53409 bR.100591 c118460d118460 00104070aATENEOMbATENEOMcDEPO2d2008-01-17eSCl0oC-53409p1123494r2023-02-23 00:00:00w2023-02-23yMONOGRAFIA